000 00540nam a22001817a 4500
005 20240131083157.0
008 240131b |||||||| |||| 00| 0 eng d
020 _a9780702186349
041 _aEnglish
082 _a346.2 LOU
100 _aLoubser, M
_lEnglish
245 _aExtinctive Prescription /
_cM Loubser
250 _aSecond Edition
260 _aCape Town :
_bJuta and Company Ltd,
_c2019
300 _bxliii, 357 pages ;
_c 25,5 cm.
650 _aLegal practice
_bLaw
942 _cBK
_6ALISON_BN_VRIES
999 _c1311
_d1311